2024 NFL Draft - Statistics

General Stats
  • This quiz has been taken 102 times
  • The average score is 89 of 257
Answer Stats
Rnd. Pick No. NFL team Player Pos. College % Correct
1 1 Chicago Bears Caleb Williams QB USC
100%
1 4 Arizona Cardinals Marvin Harrison Jr. WR Ohio State
99%
1 2 Washington Commanders Jayden Daniels QB LSU
97%
1 12 Denver Broncos Bo Nix QB Oregon
96%
1 3 New England Patriots Drake Maye QB North Carolina
96%
4 111 Green Bay Packers Evan Williams S Oregon
96%
1 8 Atlanta Falcons Michael Penix Jr. QB Washington
96%
7 242 Tennessee Titans James Williams S Miami (FL)
95%
1 10 Minnesota Vikings J. J. McCarthy QB Michigan
95%
1 5 Los Angeles Chargers Joe Alt OT Notre Dame
95%
1 6 New York Giants Malik Nabers WR LSU
95%
7 247 Houston Texans Marcus Harris DT Auburn
95%
1 13 Las Vegas Raiders Brock Bowers TE Georgia
90%
1 9 Chicago Bears Rome Odunze WR Washington
90%
1 28 Kansas City Chiefs Xavier Worthy WR Texas
90%
1 23 Jacksonville Jaguars Brian Thomas Jr. WR LSU
87%
7 233 Dallas Cowboys Nathan Thomas OT Louisiana
85%
5 138 Arizona Cardinals Xavier Thomas DE Clemson
85%
2 52 Indianapolis Colts Adonai Mitchell WR Texas
83%
1 22 Philadelphia Eagles Quinyon Mitchell CB Toledo
83%
1 32 Carolina Panthers Xavier Legette WR South Carolina
83%
1 31 San Francisco 49ers Ricky Pearsall WR Florida
82%
1 19 Los Angeles Rams Jared Verse DE Florida State
78%
1 15 Indianapolis Colts Laiatu Latu DE UCLA
78%
1 16 Seattle Seahawks Byron Murphy II DT Texas
77%
2 33 Buffalo Bills Keon Coleman WR Florida State
76%
1 24 Detroit Lions Terrion Arnold CB Alabama
76%
3 67 Washington Commanders Brandon Coleman OT TCU
74%
1 21 Miami Dolphins Chop Robinson DE Penn State
74%
1 27 Arizona Cardinals Darius Robinson DE Missouri
74%
5 167 Jacksonville Jaguars Keilan Robinson RB Texas
74%
4 103 New England Patriots Layden Robinson OG Texas A&M
74%
7 236 Jacksonville Jaguars Myles Cole DE Texas Tech
74%
1 7 Tennessee Titans JC Latham OT Alabama
72%
2 40 Philadelphia Eagles Cooper DeJean CB Iowa
69%
2 34 Los Angeles Chargers Ladd McConkey WR Georgia
69%
1 30 Baltimore Ravens Nate Wiggins CB Clemson
69%
1 17 Minnesota Vikings Dallas Turner DE Alabama
68%
1 11 New York Jets Olu Fashanu OT Penn State
68%
5 152 Philadelphia Eagles Ainias Smith WR Texas A&M
63%
2 44 Las Vegas Raiders Jackson Powers-Johnson OG Oregon
63%
2 48 Jacksonville Jaguars Maason Smith DT LSU
63%
3 89 Tampa Bay Buccaneers Tykee Smith S Georgia
63%
1 18 Cincinnati Bengals Amarius Mims OT Georgia
62%
2 41 New Orleans Saints Kool-Aid McKinstry CB Alabama
62%
2 37 New England Patriots Ja'Lynn Polk WR Washington
60%
2 46 Carolina Panthers Jonathon Brooks RB Texas
60%
1 14 New Orleans Saints Taliese Fuaga OT Oregon State
59%
1 26 Tampa Bay Buccaneers Graham Barton C Duke
58%
6 214 Cincinnati Bengals Cedric Johnson DE Ole Miss
55%
7 253 Los Angeles Chargers Cornelius Johnson WR Michigan
55%
1 25 Green Bay Packers Jordan Morgan OT Arizona
55%
4 107 New York Giants Theo Johnson TE Penn State
55%
1 20 Pittsburgh Steelers Troy Fautanu OT Washington
54%
1 29 Dallas Cowboys Tyler Guyton OT Oklahoma
54%
2 36 Washington Commanders Jer'Zhan Newton DT Illinois
50%
6 185 Philadelphia Eagles Johnny Wilson WR Florida State
50%
3 98 Pittsburgh Steelers Payton Wilson LB NC State
50%
3 84 Pittsburgh Steelers Roman Wilson WR Michigan
50%
3 83 Los Angeles Rams Blake Corum RB Michigan
49%
2 39 Los Angeles Rams Braden Fiske DT Florida State
49%
5 149 Cincinnati Bengals Josh Newton CB TCU
49%
5 150 New Orleans Saints Spencer Rattler QB South Carolina
46%
2 47 New York Giants Tyler Nubin S Minnesota
46%
2 51 Pittsburgh Steelers Zach Frazier C West Virginia
46%
5 154 Los Angeles Rams Brennan Jackson DE Washington State
45%
2 45 Green Bay Packers Edgerrin Cooper LB Texas A&M
45%
4 101 Carolina Panthers Ja'Tavion Sanders TE Texas
45%
6 182 Tennessee Titans Jha'Quan Jackson WR Tulane
45%
2 42 Houston Texans Kamari Lassiter CB Georgia
45%
4 108 Minnesota Vikings Khyree Jackson CB Oregon
45%
2 43 Arizona Cardinals Max Melton CB Rutgers
45%
3 97 Cincinnati Bengals McKinnley Jackson DT Texas A&M
45%
3 66 Arizona Cardinals Trey Benson RB Florida State
45%
4 102 Denver Broncos Troy Franklin WR Oregon
45%
2 38 Tennessee Titans T'Vondre Sweat DT Texas
45%
4 125 Tampa Bay Buccaneers Bucky Irving RB Oregon
44%
3 100 Washington Commanders Luke McCaffrey WR Rice
44%
2 61 Detroit Lions Ennis Rakestraw Jr. CB Missouri
42%
4 115 Cincinnati Bengals Erick All TE Iowa
41%
5 173 New York Jets Isaiah Davis RB South Dakota State
41%
3 92 Tampa Bay Buccaneers Jalen McMillan WR Washington
41%
4 128 Buffalo Bills Ray Davis RB Kentucky
41%
6 196 Los Angeles Rams Tyler Davis DT Clemson
41%
2 64 San Francisco 49ers Renardo Green CB Florida State
40%
2 53 Washington Commanders Ben Sinnott TE Kansas State
38%
4 134 New York Jets Braelon Allen RB Wisconsin
38%
4 113 Baltimore Ravens Devontez Walker WR North Carolina
38%
3 90 Arizona Cardinals Elijah Jones CB Boston College
38%
7 226 Arizona Cardinals Jaden Davis CB Miami (FL)
38%
3 96 Jacksonville Jaguars Jarrian Jones CB Florida State
38%
3 80 Cincinnati Bengals Jermaine Burton WR Alabama
38%
3 65 New York Jets Malachi Corley WR Western Kentucky
38%
4 127 Philadelphia Eagles Will Shipley RB Clemson
38%
7 225 Los Angeles Chargers Brenden Rice WR USC
37%
5 162 Arizona Cardinals Christian Jones OT Texas
37%
5 171 New York Jets Jordan Travis QB Florida State
37%
2 54 Cleveland Browns Michael Hall Jr. DT Ohio State
37%
2 35 Atlanta Falcons Ruke Orhorhoro DT Clemson
37%
4 110 New England Patriots Javon Baker WR UCF
36%
4 120 Miami Dolphins Jaylen Wright RB Tennessee
36%
6 193 New England Patriots Joe Milton QB Tennessee
36%
3 69 Los Angeles Chargers Junior Colson LB Michigan
36%
3 88 Green Bay Packers MarShawn Lloyd RB USC
36%
2 50 Washington Commanders Mike Sainristil CB Michigan
36%
2 62 Baltimore Ravens Roger Rosengarten OT Washington
36%
4 122 Chicago Bears Tory Taylor P Iowa
36%
7 223 Las Vegas Raiders Trey Taylor S Air Force
36%
2 60 Buffalo Bills Cole Bishop S Utah
35%
4 106 Tennessee Titans Cedric Gray LB North Carolina
33%
5 166 New York Giants Tyrone Tracy Jr. RB Purdue
33%
5 147 Denver Broncos Audric Estimé RB Notre Dame
32%
3 73 Dallas Cowboys Cooper Beebe OG Kansas State
32%
4 129 San Francisco 49ers Isaac Guerendo RB Louisville
32%
2 58 Green Bay Packers Javon Bullard S Georgia
32%
2 63 Kansas City Chiefs Kingsley Suamataia OT BYU
32%
2 49 Cincinnati Bengals Kris Jenkins DT Michigan
32%
2 55 Miami Dolphins Patrick Paul OT Houston
32%
7 245 Green Bay Packers Michael Pratt QB Tulane
31%
7 255 Green Bay Packers Kalen King CB Penn State
29%
3 78 Houston Texans Calen Bullock S USC
28%
3 94 Philadelphia Eagles Jalyx Hunt DE Houston Christian
28%
2 56 Dallas Cowboys Marshawn Kneeland DE Western Michigan
28%
3 70 New York Giants Andru Phillips CB Kentucky
27%
5 144 Chicago Bears Austin Booker DE Kansas
27%
4 123 Houston Texans Cade Stover TE Ohio State
27%
6 187 Atlanta Falcons Casey Washington WR Illinois
27%
3 99 Los Angeles Rams Kamren Kinchens S Miami (FL)
27%
6 184 Miami Dolphins Malik Washington WR Virginia
27%
7 241 Miami Dolphins Tahj Washington WR USC
27%
6 203 Minnesota Vikings Will Reichard K Alabama
27%
4 121 Seattle Seahawks A. J. Barner TE Michigan
26%
5 140 Los Angeles Chargers Cam Hart CB Notre Dame
26%
2 57 Tampa Bay Buccaneers Chris Braswell DE Alabama
26%
3 95 Buffalo Bills DeWayne Carter DT Duke
26%
4 130 Baltimore Ravens T. J. Tampa CB Iowa State
26%
3 93 Baltimore Ravens Adisa Isaac DE Penn State
24%
2 59 Houston Texans Blake Fisher OT Notre Dame
24%
3 85 Cleveland Browns Zak Zinter OG Michigan
24%
3 74 Atlanta Falcons Bralen Trice OLB Washington
23%
3 68 New England Patriots Caedan Wallace OT Penn State
23%
6 210 Detroit Lions Christian Mahogany OG Boston College
23%
6 218 Baltimore Ravens Devin Leary QB Kentucky
23%
4 135 San Francisco 49ers Jacob Cowing WR Arizona
23%
3 76 Denver Broncos Jonah Elliss DE Utah
23%
3 82 Arizona Cardinals Tip Reiman TE Illinois
23%
3 72 Carolina Panthers Trevin Wallace LB Kentucky
23%
3 86 San Francisco 49ers Dominick Puni OG Kansas
22%
5 155 Philadelphia Eagles Jeremiah Trotter Jr. LB Clemson
22%
6 209 Los Angeles Rams Joshua Karty K Stanford
22%
6 181 Los Angeles Chargers Kimani Vidal RB Troy
22%
3 87 Dallas Cowboys Marist Liufau LB Notre Dame
22%
6 212 Jacksonville Jaguars Cam Little K Arkansas
21%
3 81 Seattle Seahawks Christian Haynes OG UConn
21%
6 192 Seattle Seahawks D. J. James CB Auburn
21%
7 231 New England Patriots Jaheim Bell TE Florida State
21%
4 124 San Francisco 49ers Malik Mustapha S Wake Forest
21%
5 165 Baltimore Ravens Rasheen Ali RB Marshall
21%
3 91 Green Bay Packers Ty'Ron Hopper LB Missouri
21%
4 109 Atlanta Falcons Brandon Dorlus DT Oregon
19%
5 174 Dallas Cowboys Caelen Carson CB Wake Forest
19%
7 235 Denver Broncos Devaughn Vele WR Utah
19%
4 126 Detroit Lions Giovanni Manu OT British Columbia
19%
6 205 Houston Texans Jawhar Jordan RB Louisville
19%
3 75 Chicago Bears Kiran Amegadjie OT Yale
19%
3 71 Arizona Cardinals Isaiah Adams OG Illinois
18%
4 133 Kansas City Chiefs Jaden Hicks S Washington State
18%
5 156 Cleveland Browns Jamari Thrash WR Louisville
18%
4 131 Kansas City Chiefs Jared Wiley TE TCU
18%
4 116 Jacksonville Jaguars Jordan Jefferson DT LSU
18%
6 213 Los Angeles Rams Jordan Whittington WR Texas
18%
5 169 Green Bay Packers Kitan Oladapo S Oregon State
18%
4 132 Detroit Lions Sione Vaki S Utah
18%
4 104 Arizona Cardinals Dadrion Taylor-Demerson S Texas Tech
17%
3 77 Las Vegas Raiders Delmar Glaze OT Maryland
17%
7 257 New York Jets Jaylen Key S Alabama
17%
4 119 Pittsburgh Steelers Mason McCormick OG South Dakota State
17%
6 189 Detroit Lions Mekhi Wingo DT LSU
17%
5 158 Miami Dolphins Mohamed Kamara DE Colorado State
17%
5 141 Buffalo Bills Sedrick Van Pran-Granger C Georgia
17%
4 117 Indianapolis Colts Tanor Bortolini C Wisconsin
17%
5 148 Las Vegas Raiders Tommy Eichenberg LB Ohio State
17%
5 170 New Orleans Saints Bub Means WR Pittsburgh
15%
4 112 Las Vegas Raiders Decamerion Richardson CB Mississippi State
15%
6 208 Las Vegas Raiders Dylan Laube RB New Hampshire
15%
6 188 Houston Texans Jamal Hill LB Oregon
15%
3 79 Indianapolis Colts Matt Goncalves OT Pittsburgh
15%
5 176 New York Jets Qwan'tez Stiggers CB None (CFL)
15%
4 118 Seattle Seahawks Tyrice Knight LB UTEP
15%
5 160 Buffalo Bills Edefuan Ulofoshio LB Washington
14%
5 163 Green Bay Packers Jacob Monk C Duke
14%
6 186 Atlanta Falcons Jase McClellan RB Alabama
14%
5 168 Buffalo Bills Javon Solomon DE Troy
14%
5 145 Denver Broncos Kris Abrams-Draine CB Missouri
14%
6 195 Pittsburgh Steelers Ryan Watts CB Texas
14%
5 137 Los Angeles Chargers Tarheeb Still CB Maryland
14%
6 191 Arizona Cardinals Tejhaun Palmer WR UAB
14%
4 114 Jacksonville Jaguars Javon Foster OT Missouri
13%
5 175 New Orleans Saints Jaylan Ford LB Texas
13%
4 105 Los Angeles Chargers Justin Eboigbe DT Alabama
13%
6 211 Kansas City Chiefs Kamal Hadden CB Tennessee
13%
5 136 Seattle Seahawks Nehemiah Pritchett CB Auburn
13%
6 202 Green Bay Packers Travis Glover OT Georgia State
13%
5 142 Indianapolis Colts Anthony Gould WR Oregon State
12%
6 190 Philadelphia Eagles Dylan McMahon C NC State
12%
5 159 Kansas City Chiefs Hunter Nourzad C Penn State
12%
5 146 Tennessee Titans Jarvis Brownlee Jr. CB Louisville
12%
6 199 New Orleans Saints Khristian Boyd DT Northern Iowa
12%
7 249 Houston Texans LaDarius Henderson OG Michigan
12%
6 206 Cleveland Browns Nathaniel Watson LB Mississippi State
12%
6 216 Dallas Cowboys Ryan Flournoy WR Southeast Missouri State
12%
5 172 Philadelphia Eagles Trevor Keegan OG Michigan
12%
6 217 Los Angeles Rams Beaux Limmer C Arkansas
10%
5 157 Carolina Panthers Chau Smith-Wade CB Washington State
10%
7 246 Tampa Bay Buccaneers Devin Culp TE Washington
10%
5 161 Washington Commanders Dominique Hampton S Washington
10%
7 252 Tennessee Titans Jaylen Harrell DE Michigan
10%
6 194 Cincinnati Bengals Tanner McLachlan TE Arizona
10%
6 204 Buffalo Bills Tylan Grable OT UCF
10%
5 153 Jacksonville Jaguars Deantre Prince CB Ole Miss
9%
5 164 Indianapolis Colts Jaylin Simpson S Auburn
9%
5 151 Indianapolis Colts Jaylon Carlies S Missouri
9%
5 139 Washington Commanders Jordan Magee LB Temple
9%
7 243 Cleveland Browns Jowon Briggs DT Cincinnati
9%
7 232 Minnesota Vikings Levi Drake Rodriguez DT Texas A&M–Commerce
9%
6 178 Pittsburgh Steelers Logan Lee DT Iowa
9%
7 237 Cincinnati Bengals Matt Lee C Miami (FL)
9%
7 240 Carolina Panthers Michael Barrett LB Michigan
9%
7 227 Cleveland Browns Myles Harden CB South Dakota
9%
7 238 Houston Texans Solomon Byrd DE USC
9%
7 251 San Francisco 49ers Tatum Bethune LB Florida State
9%
7 221 Buffalo Bills Travis Clayton OT IPPP (Rugby)
9%
6 177 Minnesota Vikings Walter Rouse OT Oklahoma
9%
6 219 Buffalo Bills Daequan Hardy CB Penn State
8%
7 224 Cincinnati Bengals Daijahn Anthony S Ole Miss
8%
6 215 San Francisco 49ers Jarrett Kingston OG USC
8%
7 222 Washington Commanders Javontae Jean-Baptiste DE Notre Dame
8%
5 143 Atlanta Falcons JD Bertrand LB Notre Dame
8%
7 244 Dallas Cowboys Justin Rogers DT Auburn
8%
7 254 Los Angeles Rams KT Leveston OG Kansas State
8%
6 201 Indianapolis Colts Micah Abraham CB Marshall
8%
7 230 Minnesota Vikings Michael Jurgens C Wake Forest
8%
7 256 Denver Broncos Nick Gargiulo C South Carolina
8%
6 198 Miami Dolphins Patrick McMorris S California
8%
7 250 Baltimore Ravens Sanoussi Kane S Purdue
8%
6 179 Seattle Seahawks Sataoa Laumea OG Utah
8%
7 248 Kansas City Chiefs C. J. Hanson OG Holy Cross
6%
6 183 New York Giants Darius Muasau LB UCLA
6%
6 220 Tampa Bay Buccaneers Elijah Klein OG UTEP
6%
6 200 Carolina Panthers Jaden Crumedy DT Mississippi State
6%
7 234 Indianapolis Colts Jonah Laulu DT Oklahoma
6%
7 239 New Orleans Saints Josiah Ezirim OT Eastern Kentucky
6%
6 207 Seattle Seahawks Michael Jerrell OT Findlay
6%
7 229 Las Vegas Raiders M. J. Devonshire CB Pittsburgh
6%
7 228 Baltimore Ravens Nick Samac C Michigan State
6%
6 197 Atlanta Falcons Zion Logue DT Georgia
6%
6 180 New England Patriots Marcellas Dial CB South Carolina
5%
No matching quizzes found
Score Distribution
Percent of People with Each Score
Percentile by Number Answered
Your Score History
You have not taken this quiz